Human resource management of agricultural and livestock development project kam pong thom province, ការគ្រប់គ្រងធនធានមនុស្សក្នុងគំរោងអភិវឌ្ឍន៍កសិកម្មនិងចិញ្ចឹមសត្វ​ខេត្តកំពង់ធំ (Record no. 4410)

000 -LEADER
fixed length control field 00711nam a22001577a 4500
003 - CONTROL NUMBER IDENTIFIER
control field OSt
005 - DATE AND TIME OF LATEST TRANSACTION
control field 20151211160928.0
008 - FIXED-LENGTH DATA ELEMENTS--GENERAL INFORMATION
fixed length control field 151211b xxu||||| |||| 00| 0 eng d
040 ## - CATALOGING SOURCE
Transcribing agency RUA
082 ## - DEWEY DECIMAL CLASSIFICATION NUMBER
Classification number ATM.s NGU 2004 B200 Or.1
100 ## - MAIN ENTRY--PERSONAL NAME
9 (RLIN) 4731
Personal name NGUON CHHENG ANG, SAMPHOAS.
245 ## - TITLE STATEMENT
Title Human resource management of agricultural and livestock development project kam pong thom province, ការគ្រប់គ្រងធនធានមនុស្សក្នុងគំរោងអភិវឌ្ឍន៍កសិកម្មនិងចិញ្ចឹមសត្វ​ខេត្តកំពង់ធំ
260 ## - PUBLICATION, DISTRIBUTION, ETC. (IMPRINT)
Place of publication, distribution, etc. Phnom Penh
Name of publisher, distributor, etc. RUA
Date of publication, distribution, etc. 2004
300 ## - PHYSICAL DESCRIPTION
Extent vii; 48p.
Other physical details ill.
Dimensions 29cm.
942 ## - ADDED ENTRY ELEMENTS (KOHA)
Source of classification or shelving scheme
Koha item type ATM.s
Holdings
Price effective from Date last seen Permanent Location Not for loan Date acquired Source of classification or shelving scheme Koha item type Lost status Withdrawn status Date last checked out Total Checkouts Shelving location Damaged status Barcode Current Location Full call number
2015-12-112015-12-11Library Block B 2015-12-11 ATM.s    B200 RUA017820Library Block BATM.s NGU 2004 B200 Or.1
2015-12-112015-12-11Library Block B 2015-12-11 ATM.s    B200 RUA009743Library Block BATM.s NGU 2004 B200 Or.2
2015-12-112015-12-11Library Block B 2015-12-11 ATM.s    B200 RUA017778Library Block BATM.s NGU 2004 B200 Or.3
2015-12-112015-12-11Library Block B 2015-12-11 ATM.s    B200 RUA009624Library Block BATM.s NGU 2004 B200 Or.4
2015-12-112015-12-11Library Block B 2015-12-11 ATM.s    B200 RUA033531Library Block BATM.s NGU 2004 B200 Or.5
2015-12-112015-12-11Library Block B 2015-12-11 ATM.s    B200 RUA034726Library Block BATM.s NGU 2004 B200 Or.6
2015-12-112015-12-11Library Block B 2015-12-11 ATM.s    B200 RUA033893Library Block BATM.s NGU 2004 B200 Or.7
2015-12-112016-10-26Library Block B 2015-12-11 ATM.s  2016-09-161B200 RUA034746Library Block BATM.s NGU 2004 B200 Or.8
មជ្ឈមណ្ឌលឯការនៃសាកលវិទ្យាល័យភូមិន្ទកសិកម្មចំការដូង

Powered by Koha